Study on nutrition garden programme of iwad in battambang province,(ការសិក្សាកម្មវិធីសួនអាហាររូបត្ថម្ភរបស់អង្គការអាយដានៅខេត្តបាត់ដំបង). (Record no. 590)

000 -LEADER
fixed length control field 00620nam a22001577a 4500
003 - CONTROL NUMBER IDENTIFIER
control field OSt
005 - DATE AND TIME OF LATEST TRANSACTION
control field 20150916164110.0
008 - FIXED-LENGTH DATA ELEMENTS--GENERAL INFORMATION
fixed length control field 150916b xxu||||| |||| 00| 0 eng d
040 ## - CATALOGING SOURCE
Transcribing agency RUA
082 ## - DEWEY DECIMAL CLASSIFICATION NUMBER
Classification number AGR SUO 1999 BOO25 Or.1
100 ## - MAIN ENTRY--PERSONAL NAME
9 (RLIN) 615
Personal name SUON, SINY
245 ## - TITLE STATEMENT
Title Study on nutrition garden programme of iwad in battambang province,(ការសិក្សាកម្មវិធីសួនអាហាររូបត្ថម្ភរបស់អង្គការអាយដានៅខេត្តបាត់ដំបង).
260 ## - PUBLICATION, DISTRIBUTION, ETC. (IMPRINT)
Place of publication, distribution, etc. phnom phen
Name of publisher, distributor, etc. RUA
Date of publication, distribution, etc. 1999
300 ## - PHYSICAL DESCRIPTION
Extent 37p.
Other physical details ill.
Dimensions 29cm.
942 ## - ADDED ENTRY ELEMENTS (KOHA)
Source of classification or shelving scheme
Koha item type AGR
Holdings
Price effective from Date last seen Permanent Location Not for loan Date acquired Source of classification or shelving scheme Koha item type Lost status Withdrawn status Date last checked out Total Checkouts Shelving location Damaged status Barcode Current Location Full call number
2015-09-162016-07-25Library Block B 2015-09-16 AGR  2016-07-121B025 RUA004005Library Block BAGR SUO 1999 BOO25 Or.1
2015-09-162015-09-16Library Block B 2015-09-16 AGR    B025 RUA004002Library Block BAGR SUO 1999 BOO25 Or.2
2015-09-162015-09-16Library Block B 2015-09-16 AGR    B025 RUA003221Library Block BAGR SUO 1999 BOO25 Or.3
2015-09-162015-09-16Library Block B 2015-09-16 AGR    B025 RUA004362Library Block BAGR SUO 1999 BOO25 Or.4
មជ្ឈមណ្ឌលឯការនៃសាកលវិទ្យាល័យភូមិន្ទកសិកម្មចំការដូង

Powered by Koha